Văn hóa phương Đông những huyền thoại

Uloženo v:
Podrobná bibliografie
Hlavní autor: Clio Whit Taker
Médium: Kniha
Jazyk:Undetermined
Vydáno: H. Mỹ Thuật 2002
Témata:
Tagy: Přidat tag
Žádné tagy, Buďte první, kdo otaguje tento záznam!
Thư viện lưu trữ: Trung tâm Học liệu Trường Đại học Cần Thơ
LEADER 00571nam a2200193Ia 4500
001 CTU_59846
008 210402s9999 xx 000 0 und d
020 |b 60000 
082 |a 950 
082 |b T136 
100 |a Clio Whit Taker 
245 0 |a Văn hóa phương Đông những huyền thoại 
245 0 |c Clio Whit Taker; Trần Văn Huân biên dịch 
260 |a H. 
260 |b Mỹ Thuật 
260 |c 2002 
650 |a civilization, oriental,history, ancient 
904 |i Minh 
980 |a Trung tâm Học liệu Trường Đại học Cần Thơ